000 00700nam a2200193Ia 4500
003 0
005 20250131072323.0
008 150126s9999 xx 000 0 und d
050 _aPHS BF 311
_b.F979 2014
100 _aFunaki, Keishi.
245 4 _aThe relationship of sleep deprivation and social behavior /
_cKeishi Funaki.
260 _aLas PiƱas City, Philippines :
_bSouthville International School and Colleges,
_c2014.
300 _a23 pages :
_billustration ;
_c28 cm.
504 _aIncludes bibliographical references.
650 _aSleep
_vSocial aspects.
650 _aSleep deprivation
_vPsychological aspects.
650 _aSocial behavior
_vPhysiological aspects.
942 _2lcc
_cPASS
999 _c278675
_d278675